Guess The Country By The Person - Statistics

General Stats
  • This quiz has been taken 173 times
  • The average score is 10 of 15
Answer Stats
clue Answer % Correct
Kim Jong North Korea
92%
Justin Bieber Canada
89%
Jackie Chan China
88%
Usain Bolt Jamaica
86%
Albert Einstein Germany
85%
Marco Polo Italy
81%
Pope Vatican
78%
Psy South Korea
74%
Obama United States
72%
Rihanna Barbados
60%
Luis Suarez Uruguay
55%
Sia Australia
49%
Emma Watson France
47%
Lorde New Zealand
38%
John McCain Panama
19%
No matching quizzes found
Score Distribution
Percent of People with Each Score
Percentile by Number Answered
Your Score History
You have not taken this quiz